000 00366nam a22001577a 4500
003 MPLRDC
005 20220104123800.0
008 210129b ||||| |||| 00| 0 eng d
082 _a414.8 LHZ
100 _a刘华柱编著
245 _a中医内科验方
_c
260 _a
_b五洲出版社
_c1967
300 _b
650 _a医话
942 _cBK
_o414.8 LHZ
999 _c14152
_d14142